00417nam a2200181Ia 4500003000500000008004100005020001800046040001900064082000700083100001900090245003600109250000600145260003500151300001000186365000800196546001200204700001900216STCL230726s9999 xx 000 0 und d a9789384872892 aSTCLcSTCLbEN 222 aMohan, Krishna 0aDeveloping communication skills a2 bTrinity PressaNew Delhic2018 a388 p b350 aEnglish aBenerji, Meera